Statistics for TDS Enemies and their HP

Click here to take the quiz!

General Stats

  • This quiz has been taken 37 times
  • The average score is 183 of 300

Answer Stats

HintAnswer% Correct
Ducky | Normal | Quick4
97%
Speedy3
93%
Alien | Hidden | Mystery (Molten) | Mystery (Normal)10
90%
Fat Ducky | Flying Ducky12
87%
Abnormal | Cool Ducky6
87%
Breaker (Molten) | Breaker2 (Normal)15
80%
Heavy | Spy Ducky16
80%
Agent Ducky | Breaker2 (Fallen) | Breaker2 (Hardcore) | +7 others50
80%
Breaker (Normal) | Slow8
80%
Bat (Solar Eclipse) | Bones (Trick or Threat Town) | Boomer 1 | +10 others100
77%
Breaker (Fallen) | Breaker (Hardcore) | Eggroll | +6 others20
77%
Breaker2 (Molten) | Cold Mist | Lead | +2 others30
77%
Bat (Nightmare Carnival) | Uber Mystery120
73%
Mutated14
73%
Balloon | Cart | Frozen (Outpost 32) | +4 others25
73%
Breaker4 (Fallen) | Breaker4 (Hardcore) | Glitch | +6 others200
70%
Cobalt Guard | Crying Angel | Cursed Knight | +5 others500
70%
Raider 1 | Split1000
67%
Fallen Rusher | Ghost (Nightmare Carnival) | Mystery Boss (Fallen) | +2 others150
67%
Fallen Hero (SFOTH) | Raider 21500
67%
Gravekeeper15000
67%
Charge | Fleshling | Long Ducky | Normal Boss160
67%
Mutated Speedy18
67%
Eggsplosive (Easy) | Hunter | Mother Ducky | +2 others40
67%
Radioactive45
67%
Bones (Solar Eclipse) | Fallen Soul | Frozen (Village of Despair) | +6 others60
67%
Boomer 2 | Fallen Reaper | Goo (Trick or Threat Town) | +3 others600
67%
Clanker | Eggsplosive (Hard) | Mystery Boss (Molten)75
67%
Ducky D00M (Eggy Island Easy) | Hallow Guard10000
63%
Slime (Trick or Threat Town)1200
63%
A | Super Toxic12000
63%
Invisible22
63%
Lawnmower | Monkey | Necromancer | +3 others250
63%
Fey Yoshida | Scout | Toxic300
63%
Amalgamation (PWI) | Deep Freeze (Outpost 32) | Fallen Hero | +2 others5000
63%
Developer 3 | Jaxe (Nightmare Carnival)50000
63%
Nuclear Fallen King500000
63%
P3NGU | Speedy King | Swamp Thing6000
63%
Lunar Servant60000
63%
Pike70
63%
Ducky D00M (Eggy Island Hard) | Gold Titan100000
60%
Frost Spirit | The Umbra1000000
60%
Penumbras120000
60%
Breaker4 (Molten) | Witch (Trick or Threat Town)140
60%
Fallen King | Fallen Swordmaster150000
60%
Bunny (Hard) | Deep Freeze (Village of Despair) | Giant Boss2000
60%
Carrier | Circuit (Hardcore) | Frozen (Pre-MEGA) | +2 others2500
60%
Cavalry | Glitched Giant25000
60%
Ducky D00M (Duck Hunt) | Wox the Fox250000
60%
Brute | Dark Necromancer | Hallow Bones | +2 others400
60%
Crystalite | Lava700
60%
Bat (Trick or Threat Town) | Breaker3 (Molten) | Breaker4 (Normal) | +6 others80
60%
Nuclear Monster1500000
57%
Abnormal Boss175
57%
Fallen | Lead Boss180
57%
Boomer | Cursed Horse | Ent | +7 others3000
57%
Hidden Zoomer | Shroogma | Undead35
57%
Soul Boss | Werewolf | Yeti4000
57%
Creator | Gunslinger600000
57%
Bolt65
57%
Fallen Titan7000
57%
Void Reaver1200000
53%
Frost Hero (Village of Despair) | Grave Digger40000
53%
Molten Boss70000
53%
Bunny (Easy) | Reaper (Nightmare Carnival) | Shadow Boss | Zombie Horse750
53%
24 Karat | Blighted | Mega Slow | +2 others1600
50%
Abomination | C | Developer 1 | +4 others20000
50%
Beehive | Vampire (Nightmare Carnival)350
50%
Deep Freeze (Pre-MEGA) | Molten Titan | Shotgunner3500
50%
Mechanical Rot75000
50%
Clown | Controlled | Flare | +2 others800
50%
Amalgamation (PWII) | Bruh | Commander | +7 others8000
50%
Overgrowth90
50%
Rusher (PWI)1400
47%
Fallen Guardian | Minigunner | Necromancer Boss (Enemies Beta) | Unknown14000
47%
Chained Boss | Circuit (PWII) | Reaper (Trick or Threat Town) | Speedy Boss1800
47%
Lord Sinister200000
47%
Developer 2 | Frost Necromancer | Frost Ravager | Raider Boss35000
47%
Demon | Hidden Boss450
47%
Frost Hero (Outpost 32) | Nuclear Guardian | Solar Servant80000
47%
Imposter99
47%
Error900
43%
Gold Guard | Mimic Umbra9000
43%
B | Lunar Shield | Soul Stealer16000
40%
Cursed Guard | Rusher (PWII)2400
40%
Krampus400000
40%
Scarecrow (Solar Eclipse)85
40%
Buried | Gingerbread125
37%
Swordmaster | Vindicator45000
37%
Solar Shard550
37%
Splitter6500
37%
Swamp Monster65000
37%
Balloon Kid225
33%
Lead Balloon850
33%
Headless Jaxe9999
33%
Sir Hopsalot (Hard)2750
30%
Jack O' Bot350000
30%
SCT6666
30%
Tank 28500
30%
Bug9001
27%
Sir Hopsalot (Easy)2250
23%
Witch Doctor3100
20%
Ducky UnitUnknown
3%

Score Distribution

Percentile by Number Answered

Percent of People with Each Score

Your Score History

You have not taken this quiz